000 00616nam a2200205 i 4500
001 73059
003 ES-MaACL
005 20240512063035.0
007 t|
008 040906s1965 sp ||||1| spa d
100 1 _aGómez Bedate, Pilar,
_d1936-2017
_957833
245 1 4 _aLas peregrinaciones, (1964-1965) /
_cPilar Gómez Bedate.
260 _a[Madrid :
_bs.n.,
_c1965] (
_fGarmasí)
300 _a45 p. ;
_c17 cm.
490 1 _aEl toro de barro ;
_v4
830 0 _aColección El Toro de Barro ;
_v4
_9226760
852 _aES-MaACL
_j2041-F-21
_bR.60007
942 _2udc
999 _c73059
_d73059